Minería (Registro nro. 27524)

000 -CABECERA
campo de control de longitud fija 00616cam a22002411a 4500
001 - NÚMERO DE CONTROL
campo de control YPZ98099
003 - IDENTIFICADOR DEL NÚMERO DE CONTROL
campo de control YPZ
005 - FECHA Y HORA DE LA ÚLTIMA TRANSACCIÓN
campo de control 20230411140300.0
008 - DATOS DE LONGITUD FIJA--INFORMACIÓN GENERAL
campo de control de longitud fija 130830|###########||||||b||||||||||spa|d
020 ## - NÚMERO INTERNACIONAL ESTÁNDAR DEL LIBRO
Número Internacional Estándar del Libro 9789879899076
040 ## - FUENTE DE LA CATALOGACIÓN
Centro/agencia transcriptor SIUNPA
041 ## - CÓDIGO DE LENGUA
Código de lengua del texto/banda sonora o título independiente spa
044 ## - CÓDIGO DEL PAÍS DE LA ENTIDAD EDITORA/PRODUCTORA
Código MARC del país ag
080 ## - NÚMERO DE LA CLASIFICACIÓN DECIMAL UNIVERSAL
Número de la Clasificación Decimal Universal 622 M538m
100 ## - ENTRADA PRINCIPAL--NOMBRE DE PERSONA
Nombre de persona Méndez, Vicente.
245 ## - MENCIÓN DE TÍTULO
Título Minería
Mención de responsabilidad, etc. / Vicente Méndez ... [et al.]
260 ## - PUBLICACIÓN, DISTRIBUCIÓN, ETC.
Lugar de publicación, distribución, etc. Buenos Aires
Nombre del editor, distribuidor, etc. : Asociación Argentina de Geólogos Economistas
Fecha de publicación, distribución, etc. , [2011]
300 ## - DESCRIPCIÓN FÍSICA
Extensión 395 p. :
Otras características físicas il.
650 ## - PUNTO DE ACCESO ADICIONAL DE MATERIA--TÉRMINO DE MATERIA
Término de materia o nombre geográfico como elemento de entrada MINERIA
650 ## - PUNTO DE ACCESO ADICIONAL DE MATERIA--TÉRMINO DE MATERIA
Término de materia o nombre geográfico como elemento de entrada ARGENTINA
700 ## - PUNTO DE ACCESO ADICIONAL--NOMBRE DE PERSONA
Nombre de persona Colón, Héctor O..
942 ## - ELEMENTOS DE PUNTO DE ACCESO ADICIONAL (KOHA)
Tipo de ítem Koha Libros
Fuente del sistema de clasificación o colocación
Existencias
Estado de retiro Estado de pérdida Fuente del sistema de clasificación o colocación Estado dañado No para préstamo Código de colección Localización permanente Ubicación/localización actual Fecha de adquisición Fuente de adquisición Coste, precio normal de compra Número de inventario Signatura topográfica completa Código de barras Fecha visto por última vez Número de copia Coste, precio de reemplazo Precio válido a partir de Tipo de ítem Koha Total de préstamos Renovaciones totales En préstamo Fecha del último préstamo
          Colección General SIUNPA Biblioteca Académica Hilda S. Gabriel 2013-09-02 Donación 250.00 04-45419 622 M538m 04-45419 2019-04-03 ej.1 250.00 2019-04-03 Libros        
          Colección General SIUNPA Biblioteca Académica Hilda S. Gabriel 2013-09-02 Donación 250.00 04-45420 622 M538m 04-45420 2019-04-03 ej.2 250.00 2019-04-03 Libros        
          Colección General SIUNPA Biblioteca Académica Hilda S. Gabriel 2013-09-02 Donación 250.00 04-45421 622 M538m 04-45421 2019-04-03 ej.3 250.00 2019-04-03 Libros        
          Colección General SIUNPA Biblioteca Académica Malvina Perazo 2013-11-06 Peri, Pablo 250.00 05-45774 622 M538m 05-45774 2026-04-09 ej.1 250.00 2019-04-03 Libros 2 3 2026-05-04 2026-04-09
          Colección General SIUNPA Biblioteca Académica Malvina Perazo 2013-11-06 Peri, Pablo 250.00 05-45775 622 M538m 05-45775 2019-04-03 ej.2 250.00 2019-04-03 Libros